[Event "CZE-chT2F 1516"]
[Site "Czech Republic"]
[Date "2016.01.10"]
[Round "5.27"]
[White "Mach, Milan"]
[Black "Smilek, Petr"]
[Result "0-1"]
[WhiteElo "1684"]
[BlackElo "1985"]
[PlyCount "30"]
[EventDate "2015.10.18"]
[EventType "team-tourn"]
[EventRounds "11"]
[EventCountry "CZE"]
[SourceTitle "EXT 2022"]
[Source "ChessBase"]
[SourceDate "2021.10.06"]
[SourceVersion "1"]
[SourceVersionDate "2021.10.06"]
[SourceQuality "1"]
[WhiteTeam "Cesky Tesin"]
[BlackTeam "Vsetin"]
[WhiteTeamCountry "CZE"]
[BlackTeamCountry "CZE"]

1. d4 Nf6 2. g3 g6 3. Bg2 Bg7 4. e4 d6 5. Ne2 0-0 6. 0-0 e5 7. dxe5 dxe5 8. Be3 Be6 9. f3 Qe7 10. Qd3 Nc6 11. Qc3 Rfd8 12. Nd2 Nd4 13. Bxd4 exd4 14. Qd3 c5 15. c4 dxc3 0-1